000 00871aam a2200289 a 4500
999 _c322686
_d322686
003 BLK
005 20250703095822.0
008 181012b bu ||||| |||| 00| 0 bu d
020 _a978-954-357-359-2
040 _aBLK
041 _aBUL
_cBUL
080 _aНемска литература
_b821.112.2
_x821.112.2
_z821.112.2-31
100 _aМюнцер, Хани
_eпърви автор
_91299
139 _bМ 98
_aМюнцер, Хани
245 _aМарлене
_bРоман
_cХани Мюнцер
260 _bЕмас
_c2018
_aСофия
300 _a536 с.
_c22 см
380 _aX
700 _9248691
_aСтефанова, Величка
_eпрев. от нем.
942 _cKNG
_2udc
_n0
_027
999 _d322686
999 _d322686
999 _d322686
999 _d322686
999 _d322686
944 _k30530
_lМинев Младен